| 000 | 00732nam a22002057a 4500 | ||
|---|---|---|---|
| 999 |
_c11191 _d11191 |
||
| 003 | AR-CdUCM | ||
| 008 | 190403b ||||| |||| 00| 0 spa d | ||
| 040 |
_aMUNICIPALIDAD PROVINCIAL DEL CUSCO _cBIBLIOTECA MUNICIPAL DEL CUSCO |
||
| 082 |
_23ed. _aES / 370.3 / _bM43 |
||
| 100 |
_aMere Heredia, Victor _928421 |
||
| 245 |
_aRazonamiento Verbal : _bEducación secundaria / |
||
| 260 |
_aPerú : _bSan Marcos ; _c1995. |
||
| 300 |
_a129 páginas ; _c21cm |
||
| 505 | _aContenido: Vicios verbales -- Sinónimos -- Antónimos -- Analogías -- Oraciones incompletas -- Comprensión lectora | ||
| 650 |
_aLecturas _96094 |
||
| 650 |
_aR. V. _928398 |
||
| 650 |
_aEducación secundaria _94648 |
||
| 942 |
_2ddc _cLIBROS |
||
| 945 | _anom | ||